Die Otto-Gruppe : der Weg zum Grossunternehmen /

Bibliographic Details
Main Author: Otto, Werner, 1909-2011
Format: Book
Language:German
Published: Düsseldorf : Econ, 1983
Edition:1. Aufl.
Subjects:

MARC

Tag First Indicator Second Indicator Subfields
LEADER 00000cam a2200000 a 4500
001 in00000009978
005 20151007051610.0
008 870612c19831982gw fa 00010 ger
010 |a  83199344  
020 |a 3430173221 :  |c DM38.00 
035 |a (OCoLC)16224826 
035 |9 AAA3815AM 
040 |a DLC  |c DLC  |d TXA  |d UtOrBLW 
043 |a e-gw--- 
049 |a TXAM  |c [A11461177] 
050 0 0 |a HD2860.O77  |b O78 1982 
100 1 |a Otto, Werner,  |d 1909-2011. 
245 1 4 |a Die Otto-Gruppe :  |b der Weg zum Grossunternehmen /  |c Werner Otto. 
250 |a 1. Aufl. 
264 1 |a Düsseldorf :  |b Econ,  |c 1983 
264 4 |c ©1982 
300 |a 319 pages, 32 unnumbered pages of plates :  |b illustrations (some color) ;  |c 22 cm. 
336 |a text  |b txt  |2 rdacontent 
337 |a unmediated  |b n  |2 rdamedia 
338 |a volume  |b nc  |2 rdacarrier 
610 2 0 |a Otto Versand (Firm : Hamburg, Germany) 
650 0 |a Leadership. 
650 0 |a Industrial management. 
650 0 |a Businessmen  |z Germany (West) 
650 0 |a Executive ability. 
999 |a MARS 
999 f f |s 49b4772c-64f9-3f92-9190-fc766eacdc87  |i 643a7f9e-f8fb-3f11-8c58-13340f81d073  |t 0 
952 f f |p ric  |a Texas A&M University  |b Rellis Campus  |c Joint Library Facility  |d Remote Storage  |t 0  |e HD2860.O77 O78 1982  |h Library of Congress classification  |i unmediated -- volume  |m A14811461177 
998 f f |a HD2860.O77 O78 1982  |t 0  |l Remote Storage